[Event "21st Alekhine Master 2017"]
[Site "Voronezh"]
[Date "2017.06.16"]
[Round "5"]
[White "Bakunts, Rafael"]
[Black "Mozharov, Mikhail"]
[Result "1/2-1/2"]
[WhiteElo "2397"]
[BlackElo "2536"]
[Annotator "ChessBase"]
[PlyCount "76"]
[EventDate "2017.??.??"]
[EventType "swiss"]
[EventCountry "RUS"]
[SourceTitle "playchess.com"]
[Source "ChessBase"]
[SourceQuality "1"]
[TimeControl "40/5400+30:1800+30"]

1. e4 c5 2. Nf3 Nc6 3. d4 cxd4 4. Nxd4 Nf6 5. Nc3 e5 6. Ndb5 d6 7. Bg5 a6 8. Na3 b5 9. Nd5 Be7 10. Bxf6 Bxf6 11. c4 b4 12. Nc2 a5 13. g3 Bg5 14. h4 Bh6 15. Bh3 O-O 16. Bxc8 Rxc8 17. b3 Ne7 18. g4 Bf4 19. Nxf4 exf4 20. Nd4 Re8 21. Kf1 Ng6 22. h5 Ne5 23. f3 a4 24. Qd2 Ra8 25. Kg2 Qf6 26. Rac1 axb3 27. axb3 Ra6 28. Ra1 Rea8 29. Rxa6 Rxa6 30. Rc1 g6 31. hxg6 hxg6 32. Ne2 Nxg4 33. Qxf4 Qb2 34. Re1 Ne5 35. Kg3 Nd3 36. Qg4 Nxe1 37. Nf4 Ra8 38. Nxg6 Qg2+ 1/2-1/2

[Event "21st Alekhine Master 2017"]
[Site "Voronezh"]
[Date "2017.06.19"]
[Round "7"]
[White "Grachev, Boris"]
[Black "Bakunts, Rafael"]
[Result "1-0"]
[WhiteElo "2648"]
[BlackElo "2397"]
[Annotator "TA"]
[PlyCount "121"]
[EventDate "2017.??.??"]
[EventType "swiss"]
[EventCountry "RUS"]
[SourceTitle "playchess.com"]
[Source "ChessBase"]
[SourceQuality "1"]

{[%evp 21,121,25,22,27,29,29,29,21,12,16,27,12,18,32,30,56,82,11,163,166,193,179,188,161,157,142,156,152,150,139,146,89,104,98,95,97,97,87,91,91,80,77,116,113,118,102,107,58,57,34,37,14,14,0,14,14,14,15,15,15,15,16,32,45,18,8,5,4,143,139,450,119,118,25,1639,1587,1531,1381,1190,1066,1058,1025,1025,1025,680,0,193,0,1025,1025,1025,1025,1018,1018,1018,1018,5608,4614,29980,29981,29983,29984]} 1. d4 d5 2. c4 c6 3. Nf3 Nf6 4. e3 e6 5. Nbd2 Nbd7 6. b3 Bd6 7. Bb2 O-O 8. Bd3 {D30: Queen's Gambit Declined: Systems without Nc3} b6 9. O-O Bb7 10. Qe2 Qe7 (10... c5 11. Rad1 Ne4 12. cxd5 exd5 13. Ba6 Bxa6 14. Qxa6 Re8 15. dxc5 Ndxc5 16. Qe2 Rc8 17. Rc1 Bf8 18. Rfd1 Qe7 {½-½ (45) Radjabov,T (2710)-Ding,L (2773) Moscow 2017}) 11. Rad1 Rad8 {LiveBook: 4 Games} 12. e4 dxe4 13. Nxe4 Nxe4 14. Qxe4 {[%csl Gd3][%cal Re4h7]} f5 $146 15. Qe3 c5 16. Ng5 e5 17. d5 $36 {[%mdl 2048] Black must now prevent Ne6. White has the initiative.} f4 18. Qh3 {[%csl Gd3,Gg5][%cal Rh3h7]} Qxg5 19. Qe6+ ({Better is} 19. Bxh7+ $16 Kh8 20. Bf5+ Qh6 21. Bxd7) 19... Kh8 $2 (19... Rf7 $11 20. Qxd6 Re8) 20. Qxd6 $18 e4 21. Bxe4 Rfe8 {Threatens to win with ...Nf8.} 22. h4 Qxh4 23. Bf5 Nf6 {[#]} 24. g3 $1 fxg3 25. Qxg3 Qh5 26. Qh3 (26. Bd3 $142) 26... Qxh3 27. Bxh3 Bc8 28. Bxc8 Rxc8 29. Bxf6 gxf6 $16 {[%mdl 4096] Endgame KRR-KRR} 30. Rfe1 Kg7 31. Kg2 Rxe1 32. Rxe1 {KR-KR} Kf7 33. Kf3 h5 34. Rh1 Kg6 35. Kf4 Re8 $1 36. d6 h4 37. Rd1 Kf7 38. d7 Rd8 39. Kf5 Ke7 40. f4 Rxd7 41. Re1+ Kf7 42. Rh1 Rd2 43. a4 Rd3 44. Rxh4 {Strongly threatening Rh7+.} Rxb3 (44... Kg7 $11 {keeps the balance.}) 45. Rh7+ Kg8 $2 {[%mdl 8192]} (45... Ke8 $16 {is more resistant.}) 46. Rxa7 $18 Rc3 47. Kg6 (47. Kxf6 $16 {aiming for f5.} Rxc4 48. f5) 47... Rg3+ $2 {[%mdl 8192]} (47... Kf8 $11) 48. Kxf6 Rc3 49. Rg7+ Kf8 50. Rb7 {[%cal Rb7b8]} Kg8 51. Kg6 {[%cal Rb7b8]} Rg3+ 52. Kf5 Ra3 53. Kg6 $2 (53. Rxb6 {Hoping for Kg6.} Rxa4 54. Kg6) 53... Rg3+ $1 54. Kf6 $2 (54. Kh5) 54... Rc3 $1 55. Rxb6 Rxc4 {[#]} 56. Kg6 $1 {[%cal Rb6b8]} Kf8 57. f5 Rg4+ 58. Kf6 {[%cal Rb6b8]} Kg8 59. a5 {[%cal Ba4a5,Ba5a6][%mdl 32]} Ra4 60. a6 Kh7 61. Kg5 {Precision: White = 65%, Black = 53%.} 1-0

[Event "21st Alekhine Master 2017"]
[Site "Voronezh"]
[Date "2017.06.19"]
[Round "7"]
[White "Savchenko, Boris"]
[Black "Khanin, Semen"]
[Result "*"]
[WhiteElo "2639"]
[BlackElo "2436"]
[Annotator "TA"]
[PlyCount "83"]
[EventDate "2017.??.??"]
[EventType "swiss"]
[EventCountry "RUS"]
[SourceTitle "playchess.com"]
[Source "ChessBase"]
[SourceQuality "1"]

{[%evp 21,83,0,2,10,8,0,0,0,0,-13,-11,0,3,18,29,37,29,34,38,0,0,0,4,0,124,124,117,14,16,18,19,26,27,24,29,29,73,46,37,26,26,20,38,29,35,31,36,36,41,0,0,0,0,0,0,0,0,0,0,0,0,0,0,7]} 1. Nf3 Nf6 2. c4 e6 3. g3 b6 4. Bg2 Bb7 5. O-O Be7 6. d4 O-O 7. Nc3 Ne4 8. Qc2 f5 9. Bf4 Nxc3 10. Qxc3 Bf6 11. Rfd1 d6 {LiveBook: 8 Games. E19: Queen's Indian: Old Main Line with 7...Ne4 8 Qc2 Nxc3 8 Qxc3} 12. Rac1 Qe7 13. h4 Nd7 {[#]} 14. Qe3 $146 ({Predecessor:} 14. b4 h6 15. Ne5 dxe5 16. dxe5 Bxg2 17. Kxg2 Bxh4 18. gxh4 Qxh4 19. Rxd7 Qxf4 {1-0 (35) Hort,V (2600)-Belkadi,R (2300) Lugano 1968}) 14... a5 15. Ne5 Bxg2 16. Kxg2 dxe5 (16... Rae8 {is more complex.} 17. Nxd7 Qxd7 18. Bg5 Bxg5 19. hxg5 Qf7) 17. dxe5 Nxe5 18. Bxe5 Bxe5 19. Qxe5 f4 20. gxf4 Rf5 21. Qe4 Raf8 22. e3 Qxh4 (22... e5 $11) 23. Qxe6+ $16 Kh8 {[#]} 24. Rd5 (24. f3 $1 $16) 24... Qg4+ $11 25. Kf1 Rxf4 $1 26. Qxg4 Rxg4 {[%mdl 4096] Endgame KRR-KRR} 27. c5 Rb4 28. Rc2 c6 29. Re5 b5 30. Re6 (30. Re7 $5 {[%cal Re7c7]}) 30... Rc8 31. Rd2 {[#] Rxc6! is the strong threat.} h6 32. b3 {[%cal Bb2b3,Bb3b4][%mdl 32]} a4 33. Rd3 Rh4 34. Ke2 Rh1 35. e4 Ra1 {The position is equal.} 36. Rd2 Rc1 37. b4 a3 38. f4 Rc4 39. Rd3 Rc2+ 40. Rd2 Rc4 41. Ke3 Rxb4 42. Rd3 {Precision: White = 65%, Black = 79%.} *

[Event "21st Alekhine Master 2017"]
[Site "Voronezh"]
[Date "2017.06.19"]
[Round "7"]
[White "Popov, Ivan"]
[Black "Pridorozhni, Aleksei"]
[Result "0-1"]
[WhiteElo "2619"]
[BlackElo "2540"]
[Annotator "TA"]
[PlyCount "52"]
[EventDate "2017.??.??"]
[EventType "swiss"]
[EventCountry "RUS"]
[SourceTitle "playchess.com"]
[Source "ChessBase"]
[SourceQuality "1"]

{[%evp 10,52,19,6,35,41,42,30,30,25,52,34,30,8,20,0,16,8,27,21,30,0,3,0,0,0,-22,-58,-16,-16,0,0,0,-21,-12,-7,-9,-27,-26,-27,-38,-38,-43,-30,-1]} 1. e4 e5 2. Nf3 Nc6 3. Bc4 Bc5 4. c3 Nf6 5. d3 O-O 6. Nbd2 d5 {C54: Giuoco Piano: 4 c3 Nf6, main lines with 5 d4 and 5 d3} (6... d6 7. b4 Bb6 8. a4 a5 9. b5 Ne7 10. Bb3 c6 11. O-O Ng6 12. Nc4 Bc7 13. Re1 Re8 14. Bg5 h6 15. b6 Bb8 16. Bxf6 Qxf6 17. Rb1 Ra6 18. g3 Be6 19. Ncd2 d5 20. exd5 cxd5 {½-½ (32) Anand,V (2779)-Topalov,V (2760) Saint Louis 2016}) 7. exd5 Nxd5 8. Ne4 Bb6 {White has an edge.} 9. O-O a6 10. Re1 $146 ({Predecessor:} 10. Bh6 Bg4 11. Re1 f5 12. Bg5 Qd7 13. Ned2 Qf7 14. Qb3 {1-0 (35) Mikhalevich,A (1384)-Pastuszko,K Porec 2015}) 10... Kh8 11. Bb3 f6 12. Ng3 Qd6 13. Qe2 Nde7 14. Ne4 Qd8 15. h3 Nf5 16. Nfd2 Qe8 17. Nc4 Ba7 18. Ne3 Nce7 19. Kh2 Ng6 20. Nxf5 Bxf5 21. Ng3 Bd7 22. Be3 Bxe3 23. fxe3 f5 24. Rf1 Qe7 25. Rae1 Nh4 26. Rf2 g6 {[%mdl 32768] Precision: White = 43%, Black = 52%. . Loss on Time!?} 0-1

[Event "21st Alekhine Master 2017"]
[Site "Voronezh"]
[Date "2017.06.19"]
[Round "7"]
[White "Volkov, Sergey"]
[Black "Maiorov, Nikita"]
[Result "1-0"]
[WhiteElo "2615"]
[BlackElo "2521"]
[Annotator "TA"]
[PlyCount "75"]
[EventDate "2017.??.??"]
[EventType "swiss"]
[EventCountry "RUS"]
[SourceTitle "playchess.com"]
[Source "ChessBase"]
[SourceQuality "1"]

{[%evp 15,75,34,41,33,35,35,37,18,36,5,54,7,23,23,10,12,20,0,0,0,0,0,0,0,0,0,0,-44,8,7,5,-8,38,29,74,43,42,28,58,42,91,93,101,63,216,239,227,216,263,264,322,281,468,450,558,566,535,530,5875,2564,29987,29988]} 1. d4 Nf6 2. c4 e6 3. Nc3 Bb4 4. f3 d5 5. a3 Be7 6. e4 dxe4 7. fxe4 e5 8. d5 Bc5 9. Nf3 {E20: Nimzo-Indian: 4 g3 and 4 f3} (9. Bg5 O-O 10. Nf3 Bg4 11. h3 Bxf3 12. Qxf3 Nbd7 13. O-O-O Bd4 14. Ne2 c5 15. g4 a5 16. Kb1 Ra6 17. Ng3 {0-1 (61) Nakamura,H (2789)-Carlsen,M (2872) Zuerich 2014}) 9... Bg4 10. h3 Bxf3 11. Qxf3 {White is slightly better.} Nbd7 12. Bd3 a5 13. Bd2 O-O 14. O-O-O Ne8 15. Kb1 Nd6 16. Rc1 c6 {[#]} 17. g4 $146 Bd4 18. Ne2 Bc5 19. Rc3 Rc8 20. Rhc1 Qb6 21. g5 Qa7 ({Black should try} 21... Rce8 $15) 22. h4 $11 {[%cal Bh3h4,Bh4h5][%mdl 32]} cxd5 23. exd5 Rfe8 {[#] White must now prevent ...e4.} (23... f5 $5 {[%cal Re5e4]} 24. gxf6 Nxf6 $11) 24. Bf5 Rc7 25. Bxd7 Rxd7 26. h5 e4 27. Qh3 (27. Qg4 $5 {[%cal Rg4d7]} Rc7 28. g6 fxg6 29. hxg6 $16) 27... b6 28. g6 {Strongly threatening Rg3.} h6 29. Bf4 Rde7 $2 {[#]} (29... Qc7 $14) 30. Bxd6 $1 $18 Bxd6 31. Nd4 fxg6 32. hxg6 e3 33. Re1 {Threatens to win with Nc6.} Bf4 $2 (33... Qd7 {keeps fighting.} 34. Qxd7 (34. Rexe3 Qxh3 35. Rxh3 Re1+ 36. Ka2 Rg1 $16) 34... Rxd7 35. Rcxe3 Rxe3 36. Rxe3 Re7) 34. Ne6 Rxe6 35. dxe6 {[%cal Bd5e6,Be6e7][%mdl 32]} Qe7 36. Rcxe3 Bxe3 37. Qxe3 Qh4 38. e7 {Precision: White = 73%, Black = 33%.} 1-0

[Event "21st Alekhine Master 2017"]
[Site "Voronezh"]
[Date "2017.06.19"]
[Round "7"]
[White "Ponkratov, Pavel"]
[Black "Mozharov, Mikhail"]
[Result "1-0"]
[WhiteElo "2595"]
[BlackElo "2536"]
[Annotator "TA"]
[PlyCount "85"]
[EventDate "2017.??.??"]
[EventType "swiss"]
[EventCountry "RUS"]
[SourceTitle "playchess.com"]
[Source "ChessBase"]
[SourceQuality "1"]

{[%evp 27,85,4,14,11,36,-31,-30,-17,-16,-49,-53,-62,-53,-67,-26,-30,-17,-35,27,18,14,0,104,100,89,59,84,88,72,61,155,158,144,87,92,69,110,121,154,151,227,209,267,247,397,323,307,293,1156,1156,1131,1077,1368,388,741,761,761,751,776,733]} 1. e4 c5 2. Nf3 e6 3. d4 cxd4 4. Nxd4 Nc6 5. Nc3 a6 6. Be2 Qc7 7. O-O Nf6 8. Be3 Be7 9. f4 d6 10. Kh1 O-O 11. Qe1 Nxd4 12. Bxd4 b5 13. a3 Bb7 14. Qg3 Rad8 15. Rae1 {B85: Sicilian Scheveningen: 6 Be2 a6, lines with early Be3} Rfe8 (15... Rd7 16. Bd3 Re8 17. Re2 h6 18. f5 e5 19. Be3 Kh7 20. Qf3 d5 21. exd5 Rxd5 22. Be4 Rd7 23. Bxb7 Qxb7 24. Qxb7 Rxb7 25. Rd1 Rc8 26. Nd5 Nxd5 27. Rxd5 a5 28. g3 Bf6 29. c3 {½-½ (29) Wagner,D (2568)-Rublevsky,S (2681) Germany 2017}) 16. e5 (16. Bf3 $14) 16... dxe5 $15 17. Bxe5 {Black has an edge.} Qc8 $146 ({Predecessor:} 17... Qc5 18. Bf3 Bxf3 19. Rxf3 g6 20. Qh4 Nh5 21. Qxh5 gxh5 22. Rg3+ Kf8 {½-½ (22) Zelenika,S (2305)-Jurkovic,H (2433) Rijeka 2004}) 18. Bd3 {With the idea f5.} g6 19. Qh3 Nd7 $1 20. a4 b4 (20... Nxe5 21. fxe5 Rf8 22. axb5 $11) 21. Ne4 Bxe4 (21... Nxe5 $6 22. fxe5 Bxe4 23. Rxe4 $14 (23. Bxe4 Rf8 $11)) 22. Rxe4 f5 (22... Nc5 $15 23. Rd4 Rxd4 24. Bxd4 Nxd3 25. Qxd3 Rd8) 23. Rc4 $11 Qb7 24. Bd4 $40 {[%mdl 128] Black needs to defend precisely.} ({But not} 24. Rc7 Qb6 $15) (24. Be4 $5 fxe4 25. Qxe6+ Kf8 26. Rc7 $16) 24... Nb6 {[#]} (24... Bf6 $11 {keeps the balance.}) 25. Qe3 $1 $16 {[%csl LRb6,LRe6]} ({Not} 25. Qh6 $2 Bf8 $19) 25... Nd5 26. Qxe6+ Kf8 {And now ...Bd6 would win.} 27. Qe2 Bf6 28. Qf2 (28. Bc5+ {looks sharper.} Kg7 29. Qf3 a5 30. b3 Re6 31. Rd1) 28... Qg7 (28... b3 $1 $14) 29. h3 a5 30. Bxf6 (30. b3 $142) 30... Qxf6 31. Qc5+ Kg7 32. Qxa5 b3 33. Rf3 ({Weaker is} 33. cxb3 Ne3 $11) 33... Qxb2 {[#]} (33... Kh6 $16) 34. cxb3 $1 $18 Kh6 35. Kh2 Qxb3 (35... Nf6 $142 36. Rc6 Qa1) 36. Rd4 Qb7 37. Bb5 Nc7 $2 (37... Qb6 38. Qxb6 Nxb6 39. Rxd8 Rxd8) 38. Rxd8 Rxd8 39. Qe1 Qb8 40. Bc4 $2 (40. Qh4+ Kg7 41. Qe7+ Kh6 42. g4) 40... Re8 $2 (40... Rd7 41. a5 Qd8) 41. Qh4+ {White is clearly winning.} Kg7 42. Rd3 {Intending Rd7+ and mate.} Qc8 43. Rd6 {Precision: White = 56%, Black = 33%.} 1-0

[Event "21st Alekhine Master 2017"]
[Site "Voronezh"]
[Date "2017.06.19"]
[Round "7"]
[White "Kryakvin, Dmitry"]
[Black "Shyam, Sundar M"]
[Result "1/2-1/2"]
[WhiteElo "2572"]
[BlackElo "2535"]
[Annotator "TA"]
[PlyCount "257"]
[EventDate "2017.??.??"]
[EventType "swiss"]
[EventCountry "RUS"]
[SourceTitle "playchess.com"]
[Source "ChessBase"]
[SourceQuality "1"]

{[%evp 13,257,41,41,38,40,34,33,38,31,30,37,36,56,46,40,35,68,71,71,66,64,59,69,72,72,73,75,52,48,39,51,50,41,50,46,42,54,56,50,40,36,36,54,22,19,14,1,-13,30,37,36,26,31,26,36,31,38,28,21,25,28,0,7,0,0,0,0,0,0,0,0,0,0,0,0,-27,-25,-106,-64,-65,-66,-52,-44,-110,-56,-56,-24,-40,-1,-48,-47,-47,-47,-48,-25,-56,-46,-46,-20,-46,0,-20,-8,-27,-26,-30,-30,-30,-30,-34,-37,-46,-26,-26,-22,-41,-41,-41,-3,-41,-26,-34,0,0,0,0,0,0,0,0,0,0,0,0,0,0,0,0,0,0,0,0,0,0,0,0,0,0,0,0,8,8,8,8,8,8,8,8,8,8,8,8,8,8,8,8,8,0,8,8,8,8,8,8,8,8,8,8,8,8,8,8,8,0,0,0,0,0,0,0,0,0,0,0,0,0,0,0,0,0,0,0,0,0,0,0,0,0,0,0,0,0,0,0,0,0,0,0,0,0,0,0,0,0,0,0,0,0,0,0,0,0,0,0,0,0,0,0,0,0,0,0,0,0,0,0]} 1. d4 Nf6 2. c4 e6 3. Nf3 d5 4. Nc3 Bb4 5. Qb3 a5 (5... c5 6. dxc5 Nc6 7. Bg5 Qa5 8. Bxf6 dxc4 9. Qxc4 gxf6 10. Rc1 Qxc5 11. Qf4 Ke7 12. g3 e5 13. Qh6 Bxc3+ 14. bxc3 {1-0 (42) Wang,H (2680)-Vidit,S (2687) Chengdu 2017}) 6. Bg5 {D38: Queen's Gambit Declined: Ragozin Defence (4 Nf3 Bb4)} Nc6 {[%cal Bb8c6,Bc6a5,Ba5b3][%mdl 32]} 7. a3 a4 {LiveBook: 3 Games} 8. Qc2 {White is slightly better.} Bxc3+ 9. Qxc3 O-O 10. e3 Na5 11. cxd5 $146 ({Predecessor:} 11. Nd2 dxc4 12. Bxc4 Nxc4 13. Nxc4 Qd5 14. Bxf6 gxf6 {0-1 (39) Toprover,V (2330)-Leonidov,V (2295) Voronezh 1997}) 11... exd5 12. Bd3 Nb3 13. Rb1 c6 14. Bc2 h6 15. Bxf6 Qxf6 16. Bxb3 axb3 17. O-O Bh3 18. Ne1 Qg6 19. Rc1 Bg4 20. f3 Bf5 21. Qxb3 Rab8 22. Rc3 Rfe8 23. Qd1 Qg5 24. Qd2 h5 25. Qf2 h4 26. g4 hxg3 $1 27. Qxg3 Qh6 28. Kh1 Rbd8 29. Rg1 Rd6 (29... f6 {looks sharper.} 30. Ng2 g5 31. Nh4 Bh7 32. Qg4 Re7) 30. Qg5 (30. Ng2 {keeps more tension.} Rg6 31. Qf2 Qh7 32. b4 Bd7 33. Nf4) 30... Qxg5 (30... Qh7 {is interesting.} 31. Qf4 Rde6 32. Rb3 R6e7 33. Rg5 Bc8) 31. Rxg5 g6 32. Ng2 Kg7 33. Kg1 (33. Nh4 $5 {[%cal Rh4f5]} Bc8 34. Ng2 $11) 33... Kf6 34. Rg3 Rh8 35. Rb3 Rd7 36. Nf4 Re7 37. Ne2 Rhe8 38. f4 Ke6 39. Rc3 Kd6 40. Nc1 b6 41. b4 Ra7 42. Rg2 Rea8 43. Ra2 Ra4 44. Kf1 Bc8 45. b5 (45. Kg2 $11) 45... cxb5 46. Rb3 Rc4 47. Nd3 Bf5 48. Rd2 {[#]} (48. Ke2 $15) 48... Ra5 (48... Rca4 $1 $17 {[%cal Ra4a3]} 49. Rxb5 Rxa3) 49. Ke2 $1 $15 f6 50. Rdb2 Bd7 51. Kd2 Rc8 52. Rc2 Rca8 53. Ra2 $1 Ra4 54. Nb4 Rh8 {[#] And now ...Rxb4! would win.} 55. Kc1 Raa8 {With the idea ...Rac8+.} 56. Rc3 Rh6 57. Rg2 Rah8 58. Rcc2 Re8 59. Rg3 Rc8 60. Rxc8 Bxc8 $11 {[%mdl 4096] Endgame KRB-KRN} 61. Rg2 Bf5 62. Na2 Rh3 63. Kd2 $1 Rh8 64. Kc3 Re8 65. Re2 Ra8 66. Kb2 Rh8 67. Nc3 Rh3 68. Nxb5+ {The position is equal.} Kc6 69. Nc3 Bd3 70. Rg2 Rxe3 71. Rg3 Rxg3 72. hxg3 {KB-KN} Kd6 73. Nd1 g5 74. Kc3 Be2 75. Ne3 gxf4 76. gxf4 Bf3 77. Kb4 Kc6 78. a4 Be2 79. a5 bxa5+ 80. Kxa5 Bf3 81. Ka6 Be4 82. Ng4 f5 83. Ne5+ Kd6 84. Kb6 Bc2 85. Nc6 Be4 86. Na7 Bd3 87. Nb5+ Kd7 $1 88. Kc5 {Threatens to win with Nc3.} Be4 $1 89. Nd6 Kc7 90. Nb5+ Kd7 91. Nc3 Ke6 92. Kc6 Ke7 $1 93. Nb5 {Hoping for Nc7.} Kf6 94. Kd6 Kg6 $1 95. Ke6 Kh5 96. Nd6 Kh4 97. Kf6 Kh5 98. Nf7 (98. Nxf5 $5 {[%cal Rf5e3]} Kg4 99. Ng7 Kxf4 100. Ne6+ Ke3 101. Ke5 $11) 98... Bd3 99. Ng5 (99. Ke6 $5 {[%cal Re6d5]} Kg4 100. Ke5 $11 (100. Ne5+ Kxf4 101. Nxd3+ Ke4 $11)) 99... Be4 100. Ke5 Kh4 101. Nh7 Kg4 102. Nf6+ Kf3 103. Ng8 Kf2 104. Nf6 Kg3 105. Nh5+ Kf3 106. Ng7 Kg4 107. Ne6 Kf3 108. Nf8 Kg3 109. Ng6 Kf3 110. Nh8 (110. Ne7 $5 {[%cal Re7f5]} Ke3 111. Nc6 $11 (111. Nxd5+ Bxd5 112. Kxd5 Kxf4 $11) (111. Nxf5+ Bxf5 112. Kxf5 Kxd4 $11)) 110... Kg3 111. Nf7 Kf3 112. Nd8 Kg3 113. Nc6 Kf3 114. Na7 Ke3 115. Nb5 $1 Kf3 116. Nc3 Kg4 117. Na2 Kf3 118. Nb4 Ke3 119. Na6 Kf3 120. Nc5 Kg4 121. Ne6 $1 Kf3 122. Kd6 Ke3 123. Ke7 Kf3 124. Kf6 Kg4 125. Ke5 Kf3 126. Ng5+ Kg4 127. Nf7 Kf3 128. Nh6 Ke3 129. Nxf5+ {Precision: White = 73%, Black = 76%.} 1/2-1/2

[Event "21st Alekhine Master 2017"]
[Site "Voronezh"]
[Date "2017.06.19"]
[Round "7"]
[White "Chigaev, Maksim"]
[Black "Grishchenko, Sergey"]
[Result "1-0"]
[WhiteElo "2561"]
[BlackElo "2447"]
[Annotator "TA"]
[PlyCount "58"]
[EventDate "2017.??.??"]
[EventType "swiss"]
[EventCountry "RUS"]
[SourceTitle "playchess.com"]
[Source "ChessBase"]
[SourceQuality "1"]

{[%evp 24,58,23,29,27,25,21,21,21,23,32,21,27,0,21,18,20,0,31,24,43,33,82,73,89,72,121,112,116,18,54,49,205,216,210,198,188]} 1. c4 e5 2. Nc3 Nf6 {[%cal Bg8f6,Bf6d5,Bd5b6][%mdl 32]} 3. Nf3 Nc6 4. g3 d5 5. cxd5 Nxd5 6. Bg2 Nb6 7. O-O Be6 8. a3 a5 9. d3 Be7 10. Be3 Nd5 11. Nxd5 Bxd5 12. Qa4 O-O 13. Rac1 {LiveBook: 33 Games} Kh8 {A29: English Opening: Four Knights Variation with 4 g3} (13... Rb8 14. Bc5 Bd6 15. Rfd1 Qe7 16. Qb5 Bxc5 17. Qxc5 Qxc5 18. Rxc5 Rfd8 19. Rdc1 f6 20. Nd2 Bxg2 21. Kxg2 {½-½ (83) Belous,V (2564)-Arribas Lopez,A (2511) chess.com INT 2017}) 14. Qb5 f6 15. Nd2 Bxg2 {The position is equal.} 16. Kxg2 Qc8 17. Nf3 $146 ({Predecessor:} 17. Ne4 Rd8 18. Rc4 Rb8 19. Rfc1 Qe6 20. f3 Qd5 21. Qxd5 Rxd5 {½-½ (49) O'Donnell,T (2362)-Gushuliak,J Edmonton 2000}) 17... Bd6 18. Rfd1 Ne7 19. Bc5 $36 {[%mdl 2048] White has good play.} c6 20. Qa4 ({Much worse is} 20. Bxd6 cxb5 21. Rxc8 Raxc8 $15) (20. Qc4 $5 {[%cal Rc5d6]} Bxc5 21. Qxc5 $11) 20... Qe6 21. Qe4 Nd5 22. d4 Rae8 23. dxe5 Bxc5 24. Rxc5 {[%cal Bc1c5,Bc5a5,Ba5f5][%mdl 32]} fxe5 25. Rxa5 Nf6 26. Qh4 ({White should play} 26. Qxe5 $16 Qf7 27. Qd4) 26... e4 27. Ng5 $1 {[%cal Rg5e6]} Qb3 $2 ({Black should try} 27... Qe7 $14) 28. Rf5 $18 {Black must now prevent Rxf6!} h6 {[#]} ({Not} 28... Qxd1 29. Rxf6 $1 {[%mdl 512]} Qh1+ 30. Kxh1 h6 31. Rxh6+ $1 {[%mdl 512]} gxh6 32. Qxh6+ Kg8 33. Qh7#) 29. Rd6 $1 Kg8 {Precision: White = 69%, Black = 33%.} 1-0

[Event "21st Alekhine Master 2017"]
[Site "Voronezh"]
[Date "2017.06.19"]
[Round "7"]
[White "Rychagov, Andrey"]
[Black "Ovchinnikov, Vsevolod"]
[Result "1-0"]
[WhiteElo "2556"]
[BlackElo "2325"]
[Annotator "TA"]
[PlyCount "55"]
[EventDate "2017.??.??"]
[EventType "swiss"]
[EventCountry "RUS"]
[SourceTitle "playchess.com"]
[Source "ChessBase"]
[SourceQuality "1"]

{[%evp 10,55,42,42,42,41,41,27,20,11,16,12,25,12,24,22,21,12,14,17,22,22,18,29,45,24,45,35,46,10,28,30,29,0,0,0,0,0,0,0,0,0,0,0,0,0,0,0]} 1. d4 d5 2. c4 c6 3. Nf3 Nf6 4. Nc3 a6 5. c5 Bf5 6. Qb3 Ra7 {D15: Slav Defence: 4 Nc3 a6 and gambit lines after 4 Nc3 dxc4} (6... Qc8 7. Nh4 Bg6 8. Na4 Nbd7 9. Bf4 e6 10. f3 Be7 11. g4 Bd8 12. O-O-O Bc7 13. Bg3 O-O 14. e3 {1-0 (38) Wang,Y (2729)-Bu,X (2710) Shenzhen 2015}) 7. Bf4 Nbd7 8. Nh4 Bg6 {White has an edge.} 9. Nxg6 hxg6 10. Rd1 $146 ({Predecessor:} 10. Qc2 e5 11. dxe5 Ng4 12. e3 Ngxe5 13. O-O-O {1-0 (47) Weingarz,W (2338)-Gulevich,A (2313) ICCF email 2010}) 10... e5 11. dxe5 ({Reject} 11. Bxe5 Nxe5 12. dxe5 Nd7 $17) 11... Nxc5 12. Qc2 Nfe4 13. g3 Nxc3 14. bxc3 b5 15. Bg2 Rd7 16. h4 Qa5 17. O-O {Strongly threatening e4.} Qa4 18. Qb1 Ne6 19. Bc1 Qg4 20. e4 {[%cal Re4d5]} d4 21. Rd3 c5 {[%cal Bc6c5,Bc5c4][%mdl 32] The position is equal.} 22. Bf3 Qh3 23. Bg2 Qg4 24. cxd4 {[#] Threatens to win with d5.} c4 25. Bf3 Qh3 26. Bg2 Qg4 27. Bf3 Qh3 28. Bg2 {[%mdl 32768] Precision: White = 74%, Black = 70%. . Loss on Time!?} 1-0

[Event "21st Alekhine Master 2017"]
[Site "Voronezh"]
[Date "2017.06.19"]
[Round "7"]
[White "Lintchevski, Daniil"]
[Black "Bocharov, Dmitry"]
[Result "1-0"]
[WhiteElo "2532"]
[BlackElo "2579"]
[Annotator "TA"]
[PlyCount "63"]
[EventDate "2017.??.??"]
[EventType "swiss"]
[EventCountry "RUS"]
[SourceTitle "playchess.com"]
[Source "ChessBase"]
[SourceQuality "1"]

{[%evp 12,63,58,33,32,35,71,72,58,43,46,39,42,34,70,74,101,79,85,81,139,132,131,134,130,126,118,127,132,133,147,151,167,177,167,160,199,197,199,190,178,76,77,0,164,178,202,187,351,351,342,231,512,506]} 1. Nf3 g6 2. c4 Bg7 3. d4 d6 4. Nc3 e5 5. dxe5 dxe5 6. Qxd8+ Kxd8 7. Bd2 Be6 {A41: 1 d4 d6: Tartakower System and Modern Defence} 8. O-O-O {Threatening mate with Bg5+.} Kc8 9. Ng5 Bxc4 {White is better.} 10. b3 $146 (10. e4 $5 {[%cal Rf1c4]} Bxf1 11. Rhxf1 $11) ({Predecessor:} 10. e4 Bxf1 11. Rhxf1 Nh6 12. f4 Nd7 13. f5 Nf6 14. h3 a5 15. g4 gxf5 16. exf5 {1-0 (27) Van Wely,L (2643)-Rogers,I (2558) Germany 2001}) 10... h6 11. bxc4 hxg5 12. Bxg5 {[%csl Gg5][%cal Rd1d8]} f6 13. Bd2 $36 {[%mdl 2048] Keeping Black busy.} Bh6 14. e3 f5 15. g4 Ne7 ({Black should play} 15... Nd7) 16. gxf5 gxf5 17. Nd5 Nxd5 18. cxd5 Nd7 19. Bc3 f4 20. e4 Bf8 21. h4 $1 Bd6 22. Bh3 Kd8 23. Rdg1 Nf6 24. Bf5 Ke7 25. Rg7+ Kf8 {[#]} 26. Rg5 (26. Rhg1 $1 $18 {has better winning chances.}) 26... Ke7 $16 27. Rg7+ (27. h5 $16) 27... Kf8 $1 $18 {[%cal Rf8g7] [#]} 28. Rhg1 $1 Ne8 29. R7g4 Rh6 $2 (29... Ke7 {was necessary.} 30. Kd2 Rh6) 30. Rg8+ Ke7 31. R1g6 Rxh4 $2 (31... Rxg6 32. Bxg6 (32. Rxg6 Kf7 $16) 32... c6) 32. Re6+ {Precision: White = 77%, Black = 38%.} 1-0